দ্য সুলতানস: (Record no. 11861)
[ view plain ]
| 000 -LEADER | |
|---|---|
| fixed length control field | 00936nam a2200253 a 4500 |
| 001 - CONTROL NUMBER | |
| JCCL Control Number | 11861 |
| 003 - CONTROL NUMBER IDENTIFIER | |
| JCCL marc code | BD-JhCC |
| 005 - DATE AND TIME OF LATEST TRANSACTION | |
| control field | 20220606134024.0 |
| 008 - FIXED-LENGTH DATA ELEMENTS--GENERAL INFORMATION | |
| fixed length control field | 201122b2016 bg |||| ||a| 000 0 ben d |
| 020 ## - INTERNATIONAL STANDARD BOOK NUMBER | |
| International Standard Book Number | 978984919865 |
| 035 ## - SYSTEM CONTROL NUMBER | |
| system control number | (BD-JhCC)11861 |
| 040 ## - CATALOGING SOURCE | |
| Original cataloging agency | BD-JhCC |
| Modifying agency | BD-JhCC |
| 041 ## - LANGUAGE CODE | |
| Language code of Book | ben |
| 082 ## - DEWEY DECIMAL CLASSIFICATION NUMBER | |
| Classification number | 843.914 |
| Author mark and Year | FAL 2016 |
| 100 ## - MAIN ENTRY--PERSONAL NAME | |
| Personal name | ফ্যালকনার, কলিন |
| 245 ## - TITLE STATEMENT | |
| Title | দ্য সুলতানস: |
| Remainder of title | হারেম / |
| Statement of responsibility, etc | কলিন ফ্যালকনার, অনুঃ ইমতিয়াজ আজাদ। |
| 260 ## - PUBLICATION, DISTRIBUTION, ETC. (IMPRINT) | |
| Place of publication, distribution, etc | Dhaka: |
| Name of publisher, distributor, etc | ADEE; |
| Date of publication, distribution, etc | 2016. |
| 300 ## - PHYSICAL DESCRIPTION | |
| Pagination | 175 p. : |
| Dimensions | 22 cm. |
| 600 ## - SUBJECT ADDED ENTRY--PERSONAL NAME | |
| Personal name | Colin Falconer. |
| 651 ## - SUBJECT ADDED ENTRY--GEOGRAPHIC NAME | |
| Geographic name | Sultans |
| Form subdivision | Harems |
| General subdivision | Hurrem, consort of Süleyman I, Sultan of the Turks, approximately 1504-1558? |
| Chronological subdivision | Turkey--Istanbul |
| Geographic subdivision | Süleyman I, Sultan of the Turks, 1494 or 1495-1566 |
| 700 ## - ADDED ENTRY--PERSONAL NAME | |
| Personal name | আজাদ,ইমতিয়াজ |
| 942 ## - ADDED ENTRY ELEMENTS (KOHA) | |
| Source of classification or shelving scheme | Dewey Decimal Classification |
| Koha item type | Books |
| Koha issues (borrowed), all copies | 1 |
| Source of classification or shelving scheme | Damaged status | Not for loan | Home library | Current library | Shelving location | Date of accession | Source of acquisition | Cost, normal purchase price | Total Checkouts | Full call number | Barcode | Date last seen | Date checked out | Copy number | Koha item type |
|---|---|---|---|---|---|---|---|---|---|---|---|---|---|---|---|
| Dewey Decimal Classification | JCC Rouf Library | JCC Rouf Library | General Stacks | 11/22/2020 | Lt. Gen. Mahfuzur Rahman (10th intake) | 206.00 | 12 | 843.914 FAL 2016 | 16191 | 11/16/2025 | 10/26/2025 | C-1 | Books |